Normal view
MARC view
Entry Personal Name
001 - CONTROL NUMBER
- control field: 51590
003 - CONTROL NUMBER IDENTIFIER
- control field: dpl
005 - DATE AND TIME OF LATEST TRANSACTION
- control field: 20120828102024.0
008 - FIXED-LENGTH DATA ELEMENTS
- fixed length control field: 120828|||a|||||| | ||| d
040 ## - CATALOGING SOURCE
- Original cataloging agency: dpl
- Transcribing agency: dpl
100 ## - HEADING--PERSONAL NAME
- Personal name: Datta, Naomi
670 ## - SOURCE DATA FOUND
- Source citation: Work cat.: (dpl)53878: Datta, Naomi, The 6 pm slot /, 2011
670 ## - SOURCE DATA FOUND
- Source citation: Work cat.: (dpl)53878: Datta, Naomi, The 6 pm slot /, 2011
